Chemical control of imperata cylindrica (L) beauv. (Lalang) in Malaysia (Record no. 55488)

MARC details
000 -LEADER
fixed length control field 00368nam a2200133Ia 4500
245 #0 - TITLE STATEMENT
Title Chemical control of imperata cylindrica (L) beauv. (Lalang) in Malaysia
260 ## - PUBLICATION, DISTRIBUTION, ETC. (IMPRINT)
Name of publisher Planters Bulletin
Year of publication 1976
300 ## - PHYSICAL DESCRIPTION
Number of Pages 85-89
650 ## - SUBJECT ADDED ENTRY--TOPICAL TERM
Topical Term Disease control
650 ## - SUBJECT ADDED ENTRY--TOPICAL TERM
Topical Term Imperata cylindrica
650 ## - SUBJECT ADDED ENTRY--TOPICAL TERM
Topical Term Rubber
942 ## - ADDED ENTRY ELEMENTS (KOHA)
Koha item type Journals
Holdings
Withdrawn status Lost status Damaged status Not for loan Home library Current library Shelving location Date acquired Serial Enumeration / chronology Koha item type
      Journals RRII Library RRII Library Pathology 17/12/2021 Volume 145, Issue Journals